000 02006cam a22003614i 4500
003 PE-LiUPU
005 20250731183415.0
008 150623s r 000 0 d
035 _a(Sirsi) a25968
040 _aPE-LiUPU
_bspa
_cPE-LiUPU
_erda
082 0 4 _a781.66
_bA47
_221
100 1 _aAllen, Tom,
_eautor.
245 1 0 _aRock 'n' roll, the bible and the mind /
_cTom Allen.
250 _b
264 1 _aBeaverlodge, Alberta, Canadá :
_bHorizon House Publishers,
_c1982.
300 _a191 páginas ;
_c20 cm.
336 _atext
_2rdacontent
337 _aunmediated
_2rdamedia
338 _avolume
_2rdacarrier
504 _aIncluye bibliografía.
505 0 _aWhat you should know about rock 'n'roll: Dare to define. Rock and rolling in the dough. "Exorcising my demons". The legendary lennon from liverpool. Rock: The music of violence, hate, and aggression. What you should consider about rock 'n' roll: Rock or bach?. Can the music be the message?. Escapism for sale. The fallout of the far-out music. What you should do about rock 'n' roll music: Another dam break in Georgia. The mind of the world or worldly-minded?. The greatest commandment. How Rock can keep you from finding God's will. The eight traits of a sane brain. The biblical bonfire. Rock of Ages, clef in C. Evaluating contemporary christian music. An open message to all who minister through music. Hey mom and dad: face the music. Danger: fallen rock.
526 _aP158
526 _aP146
526 _aP17
526 _aP12
526 _aP06
650 0 4 _aMúsica rock
_xCristianismo.
942 _2ddc
_cBOOK
949 _a781.66 A47
_wDEWEY
_c1
_i51239
_lCCODEBUL1
_mBUL
_p10.00
_r0
_sY
_tBOOK
_u2015-06-24
_xTEOLOGIA
_PP35
_0COMPRA
_o.STAFF. Colección General
596 _a1
999 _a781.66 A47
_wDEWEY
_c32947
_i51239
_f2021-11-11
_g5
_lCCODEBUL1
_mBUL
_p10.00
_r0
_sY
_tBOOK
_u2015-6-24
_xTEOLOGIA
_PP35
_0COMPRA
_o.STAFF. Colección General
_d32947
980 _81
_gALBERTO SANCHEZ Responsable de Automatización